000
00274nam a22001217a 4500
020
_a
81-7164-050-8
041
_a
ENG
245
_a
Handbook Of Agriculture
260
_a
New Delhi
_b
ICAR
_c
1961
300
_a
1346
650
_a
Agricultural
856
_u
Agricultural ( 19 )
999
_c
2196
_d
2196